| 000 | 00805nam a22002537i 4500 | ||
|---|---|---|---|
| 003 | EG-ScBUE | ||
| 005 | 20221218110047.0 | ||
| 008 | 090705s2007 ua a f b 001 0 eng d | ||
| 020 | _a9789774161124 | ||
| 040 |
_aEG-ScBUE _beng _erda _cEG-ScBUE _dEG-ScBUE |
||
| 082 | 0 | 4 |
_222 _a726.2 _bOKA |
| 100 | 1 |
_aO'Kane, Bernard, _eauthor. |
|
| 245 | 1 | 4 |
_aThe world of Islamic art / _cBernard O' kane. |
| 264 | 1 |
_aCairo : _bThe American University in Cairo Press, _c2007. |
|
| 300 |
_a224 pages : _bcolor illustrations ; _c24 cm |
||
| 336 |
_2rdacontent _atext _btxt |
||
| 337 |
_2rdamedia _aunmediated _bn |
||
| 338 |
_2rdacarrier _avolume _bnc |
||
| 504 | _aIncludes bibliographical references and index. | ||
| 650 | 7 |
_92609 _aArt, Islamic. _2BUEsh |
|
| 653 | _bART | ||
| 655 | _vReading book | ||
| 942 |
_2ddc _cBB |
||
| 999 |
_c27193 _d27165 |
||